000 00399nam a2200181Ia 4500
001 3409
005 20260306145641.0
008 260306t1999||||xx |||||||||||||| ||spa||
041 _aESP
082 _a272.7
_bA32
100 _aAgustín, Santo, Obispo de Hipona
_eAUT
245 0 _aConfesiones
260 _c1999
300 _a
_c
650 _aGEN
654 _aCHU
942 _cLIB
_dJUS
_fJUS
_2ddc
_n
999 _c3409
_d3409